კომუნისტურ წარმოებრივ ურთიერთობათა მატერიალური საფუძველი / (ბიბ.ჩანაწერი № 64036)
[ მარტივი ფორმატი ]
| 000 -ლიდერი | |
|---|---|
| ფიქსირებული სიგრძის საკონტროლო ველი | 00867nam a22001817a 4500 |
| 003 - საკონტროლო ნომრის იდენტიფიკატორი | |
| საკონტროლო ველი | Ge_BSU |
| 005 - ბოლო ოპერაციის თარიღი და დრო | |
| საკონტროლო ველი | 20260313161709.0 |
| 008 - ფიქსირებული სიგრძის მონაცემთა ელემენტები - ზოგადი ინფორმაცია | |
| ფიქსირებული სიგრძის საკონტროლო ველი | 260313s1964 ge ||||| |||| 00| 0 geo d |
| 041 ## - ენის კოდი | |
| Language code of text/sound track or separate title | geo |
| 080 ## - უნივერსალური ათობითი კლასიფიკაციის ინდექსი | |
| Universal Decimal Classification number | 330.111.6 გ-95 |
| 100 ## - მთავარი ჩანაწერი - პიროვნების სახელი | |
| Personal name | გუნია, ავთანდილ |
| 9 (RLIN) | 27112 |
| 245 ## - ცნობა სათაურის შესახებ | |
| Title | კომუნისტურ წარმოებრივ ურთიერთობათა მატერიალური საფუძველი / |
| Statement of responsibility, etc | ავთანდილ გუნია. |
| 264 ## - წარმოების, გამოცემის, დისტრიბუციის და სხვა ცნობები | |
| გამოცემის, წარმოების, დისტრიბუციის... ადგილი | თბილისი : |
| გამოცემის, წარმოების, დისტრიბუციის... სახელწოდება | მეცნიერება, |
| გამოცემის, წარმოების, დისტრიბუციის... თარიღი | 1964. |
| 300 ## - ფიზიკური აღწერა | |
| Extent | 83 გვ. ; |
| Other physical details | 21 სმ. |
| 490 ## - სერიის ცნობა | |
| Series statement | მეცნიერულ-პოპულარული სერია |
| 653 ## - INDEX TERM--UNCONTROLLED | |
| Uncontrolled term | კომუნისტური წარმოებითი ურთიერთობები |
| 942 ## - ADDED ENTRY ELEMENTS (KOHA) | |
| Source of classification or shelving scheme | |
| Koha item type | წიგნი |
არაა ხელმისაწვდომი ეგზემპლარები.
